Sports Quiz

Random Sports or NBA Quiz

Best NBA Team Every Year IMPOSSIBLE! Quiz Stats

 Plays Quiz not verified by Sporcle

Score 0/71 Timer 15:00
0 Plays Today
Year Answer % Correct
1956Philadelphia Warriors
100%
1957Boston Celtics
100%
1958Boston Celtics
100%
1959Boston Celtics
100%
1960Boston Celtics
100%
1961Boston Celtics
100%
1962Boston Celtics
100%
1963Boston Celtics
100%
1964Boston Celtics
100%
1965Boston Celtics
100%
1973Boston Celtics
100%
1975Boston Celtics
100%
1976Golden State Warriors
100%
1980Boston Celtics
100%
1981Boston Celtics
100%
1982Boston Celtics
100%
1984Boston Celtics
100%
1985Boston Celtics
100%
1986Boston Celtics
100%
2008Boston Celtics
100%
2015Golden State Warriors
100%
2016Golden State Warriors
100%
2017Golden State Warriors
100%
1951Minneapolis Lakers
98.6%
1953Minneapolis Lakers
98.6%
1954Minneapolis Lakers
98.6%
1972Los Angeles Lakers
98.6%
1977Los Angeles Lakers
98.6%
1987Los Angeles Lakers
98.6%
1988Los Angeles Lakers
98.6%
1990Los Angeles Lakers
98.6%
2000Los Angeles Lakers
98.6%
1992Chicago Bulls
97.9%
1996Chicago Bulls
97.9%
1997Chicago Bulls
97.9%
1998Utah Jazz & Chicago Bulls
97.9%
Year Answer % Correct
2011Chicago Bulls
97.9%
2012Chicago Bulls
97.9%
1995San Antonio Spurs
96.5%
1999San Antonio Spurs
96.5%
2001San Antonio Spurs
96.5%
2003San Antonio Spurs
96.5%
2014San Antonio Spurs
96.5%
2013Miami Heat
95.1%
1966Philadelphia 76ers
94.4%
1967Philadelphia 76ers
94.4%
1968Philadelphia 76ers
94.4%
1983Philadelphia 76ers
94.4%
1955Fort Wayne Pistons & Syracuse Nationals
93.7%
1989Detroit Pistons
93%
2006Detroit Pistons
93%
2009Cleveland Cavaliers
92.3%
2010Cleveland Cavaliers
92.3%
1994Seattle SuperSonics
83.1%
2007Dallas Mavericks
83.1%
1969Baltimore Bullets
82.4%
1979Washington Bullets
82.4%
1970New York Knicks
81%
1993Phoenix Suns
78.9%
2005Phoenix Suns
78.9%
1971Milwaukee Bucks
76.8%
1974Milwuakee Bucks
76.8%
2004Indiana Pacers
74.6%
1978Portland Trail Blazers
72.5%
1991Portland Trailblazers
72.5%
2002Sacramento Kings
71.8%
1950Syracuse Nationals
51.4%
1949Rochester Royals
47.2%
1952Rochester Royals
47.2%
1947Washington Capitols
15.5%
1948St Louis Bombers
7%

You're not logged in!

Compare scores with friends on all Sporcle quizzes.
OR
Log In

Sporcle TV

Today on Sporcle TV


Watch our educational content, quiz creation guides, and fun videos on Sporcle TV.

Show Comments

Extras

Top Quizzes Today


Score Distribution

Your Account Isn't Verified!

In order to create a playlist on Sporcle, you need to verify the email address you used during registration. Go to your Sporcle Settings to finish the process.

Report this User

Report this user for behavior that violates our Community Guidelines.

Details: